| 000 | 01095cab a2200277 4500 | ||
|---|---|---|---|
| 001 | X3149 | ||
| 008 | 090401t1981 xxu||||| |||| 00| 0 eng d | ||
| 035 | _a(Sirsi) u28739 | ||
| 041 | _aeng | ||
| 100 | _aDrury, C.A. | ||
| 245 | 4 | _aThe effects on investment of major defects | |
| 260 | _c1981 | ||
| 350 | _a0 | ||
| 490 |
_aChartered Surveyor _vApril 1981, 10-11(2) |
||
| 520 | _aEdited version of a conference paper, analysing defects in owned property under nine heads - defects in design; defects in planning matters, defects in workmanship; defects in materials used; defects in services; defects through lack of maintenance; defects through obsolescence; defects caused through extraneous circumstances. | ||
| 650 | _aBLUE ASBESTOS | ||
| 650 | _aBUILDING DEFECTS | ||
| 650 | _aCALCIUM CHLORIDE | ||
| 650 | _aDESIGN DEFECTS | ||
| 650 | _aHIGH ALUMINA CEMENT | ||
| 650 | _aWOODWOOL SLAB SHUTTERING | ||
| 690 | _aBUILT ENVIRONMENT-BUILDING PATHOLOGY | ||
| 690 | _aPROPERTY-COMMERCIAL PROPERTY-COMMERCIAL PROPERTY FINANCE AND INVESTMENT | ||
| 942 | _n0 | ||
| 948 | _c04/03/1997 | ||
| 999 |
_c19325 _d19325 |
||